000
00328nam a2200133Ia 4500
008
240624s2017 xx und d
020
_a
9788178799940
041
_a
eng
082
_a
531.796
_b
KUS
100
_a
KUSUM LATA
245
_a
BIOMECHANICS AND KINESIOLOGY
260
_a
New Delhi
_b
SPORTS PUB
_c
2017
300
_a
343P
999
_c
1167051
_d
1167051